Bitka Kráľa Karola 15. 6. 1312

Bibliographic Details
Main Author: Eliáš, Štefan, 1942-2020 (Author)
Format: Article
Language:Slovak
ISBN:9788096945627
Subjects:

MARC

LEADER 00000nab a2200000 ar4500
001 vtls009313948
003 SK-MaSNL
005 20260303225013.0
008 080722|2007 xo |||||||||||||| b|slo
015 |a SNBRA2008/07  |2 snkbucl 
038 |a SNKBUCL 
040 |a SNKBUCL  |b slo  |e AACR2  |c SNKBUCL 
041 1 |a slo  |b ger 
044 |a xo  |c SK 
080 |a 94(437.6)"1312"  |2 2001 
080 |a 355.483  |x (437.6)  |x "1312"  |2 2001 
100 1 |a Eliáš, Štefan,  |d 1942-2020  |4 aut  |9 245209 
245 1 0 |a Bitka Kráľa Karola 15. 6. 1312  |c Štefan Eliáš 
504 |a Bibliogr. odkazy 
546 |a Res. nem. 
648 7 |a 1312  |2 snkbucl  |9 1112136 
650 0 7 |a bitky  |2 snkbucl  |9 30245 
650 0 7 |a bitka pri Rozhanovciach (1312 : Rozhanovce, Slovensko)  |2 snkbucl  |9 224053 
655 7 |a štúdie  |2 snkbucl  |9 57033 
773 0 |t Z minulosti Spiša XV  |d Levoča : Spišský dejepisný spolok, 2007  |g S. 39-48  |z 9788096945627 
852 |a SNK  |b KIS3GCP 
958 |a NB 
999 |c 2255136  |d 2257066